<?xml version="1.0" encoding="UTF-8"?>
<collection xmlns="http://www.loc.gov/MARC21/slim">
 <record>
  <leader>03051cam a2200277 7i4500</leader>
  <controlfield tag="001">0000057699</controlfield>
  <controlfield tag="005">20230727090000.0</controlfield>
  <controlfield tag="007">  Dissertations</controlfield>
  <controlfield tag="008">210420                 eng</controlfield>
  <datafield tag="040" ind1=" " ind2=" ">
   <subfield code="a">TSAM</subfield>
  </datafield>
  <datafield tag="090" ind1="0" ind2="0">
   <subfield code="a">TJ145 </subfield>
   <subfield code="b">CHI 2019</subfield>
  </datafield>
  <datafield tag="100" ind1="1" ind2="1">
   <subfield code="a">Chia, Song Yuan </subfield>
   <subfield code="e">author </subfield>
  </datafield>
  <datafield tag="245" ind1="1" ind2="2">
   <subfield code="a">Sustainable Use of Banana Fiber to Reinforce Laterite Soil Strength  </subfield>
   <subfield code="c">Chia Song Yuan.</subfield>
  </datafield>
  <datafield tag="264" ind1=" " ind2="1">
   <subfield code="a">Nilai: </subfield>
   <subfield code="b">INTI International University, </subfield>
   <subfield code="c">August 2019.</subfield>
  </datafield>
  <datafield tag="300" ind1=" " ind2=" ">
   <subfield code="a">xii, 68 pages: </subfield>
   <subfield code="b">illustrations, colors; </subfield>
   <subfield code="c">30 cm.</subfield>
  </datafield>
  <datafield tag="336" ind1=" " ind2=" ">
   <subfield code="a">text</subfield>
   <subfield code="2">rdacontent</subfield>
  </datafield>
  <datafield tag="337" ind1=" " ind2=" ">
   <subfield code="a">unmediated</subfield>
   <subfield code="2">rdamedia</subfield>
  </datafield>
  <datafield tag="338" ind1=" " ind2=" ">
   <subfield code="a">volume</subfield>
   <subfield code="2">rdacarrier</subfield>
  </datafield>
  <datafield tag="500" ind1="0" ind2="0">
   <subfield code="a">BCEGI 77</subfield>
  </datafield>
  <datafield tag="500" ind1="0" ind2="0">
   <subfield code="a">B.Eng (Hons) in Civil Engineering August 2019</subfield>
  </datafield>
  <datafield tag="501" ind1="0" ind2="0">
   <subfield code="a">FEQS-Civil August 2019</subfield>
  </datafield>
  <datafield tag="501" ind1="0" ind2="0">
   <subfield code="a">An increase towards urban development have created less importance towards rural areas as the community depending on economical and low cost housing. This study is based on determining geotechnical properties of laterite soil encountered in Kuantan, Pahang. Related journals and articles were reviewed to obtain sufficient experimental result information. The objectives of this study were satisfied by a series of preliminary laboratory experiments. The objective of this study is to determine the engineering properties of laterite soil and determine effect of banana fiber on laterite soil unconfined compressive strength. The findings from this research started with Natural Moisture Content, NMC of laterite soil ranged at 16.16%. Particle size distribution curve shows that the soil is well graded with proportions of aggregate less than 15%, sand and fine grains in the range more than 50%. Liquid Limit, Plastic Limit and Plasticity Index of laterite soil is 40.94%, 23.26% and 17.68% respectively. Plasticity Chart plot lies above A-line classifying as soil containing inorganic clays of low or medium plasticity (CL). Laterite soil attains Optimum moisture content, OMC at 16% and Maximum dry density, MDD at 1.92../....3. Samples prepared once the OMC and MDD were attained to be stabilized with (0%, 0.25%, 0.5%, 0.75% and 1%) and (4cm,5cm,6cm and 7cm of banana fiber). The UCS of laterite soil with OMC and MDD stabilized with 0.75% content achieved 211.78..../..2. Based on UCS results, it can be clearly seen that as the fiber content and fiber length increases, the UCS of laterite soil increases. However with further increases in fiber contact and fiber length reduces the UCS. The optimum banana fiber content and length achieved was at 0.75% with 60mmn fiber length where UCS obtained was 211.78..../..2.Each citation made are included in References. In depth data and tables are included in Appendix 1- 4</subfield>
  </datafield>
  <datafield tag="502" ind1="0" ind2="0">
   <subfield code="a">Being a project report submitted to INTI International University as a requirements for Bachelor Of Engineering (Hons) in Civil Engineering August 2019 under the managment and supervision of Faculty of Engineering &amp; Quantity Surveying, INTI International University</subfield>
  </datafield>
  <datafield tag="650" ind1="0" ind2="0">
   <subfield code="a">BCEGI </subfield>
  </datafield>
  <datafield tag="650" ind1="0" ind2="0">
   <subfield code="a">Dissertations, academic -- </subfield>
   <subfield code="x">Engineering </subfield>
  </datafield>
  <datafield tag="650" ind1="0" ind2="0">
   <subfield code="a">Civil Engineering </subfield>
  </datafield>
 </record>
</collection>
